Sbornik ot zadači po "Obšta teorija na statistikata" Učebno pomagalo s izpolzvane na kompjutri

Na minha lista:
Detalhes bibliográficos
Formato: Livro
Idioma:búlgaro
Publicado em: Varna Visš institut za narodno stopanstvo "Dimitar Blagoev" 1989
Edição:1. izd.
Tags: Adicionar Tag
Sem tags, seja o primeiro a adicionar uma tag!

MARC

LEADER 00000nam a2200000 4500
001 c028398
005 20250618081011.6
041 0 |a bul 
044 |a BG 
245 1 0 |a Sbornik ot zadači po "Obšta teorija na statistikata"  |b Učebno pomagalo s izpolzvane na kompjutri 
250 |a 1. izd. 
264 1 |a Varna  |b Visš institut za narodno stopanstvo "Dimitar Blagoev"  |c 1989 
300 |a 106 s.